| 000 | 01251cam a2200253 4500 | ||
|---|---|---|---|
| 001 | E10663 | ||
| 008 | 000000n2002 000 0 eng u | ||
| 035 | _a(Sirsi) u119236 | ||
| 041 | _aeng | ||
| 050 |
_a333.0076 _c18 |
||
| 110 |
_aRoyal Institution of Chartered Surveyors _bPractice Qualifications _94368 |
||
| 245 | _aAPC guide for supervisors, counsellors and employers | ||
| 260 |
_aCoventry _bRICS _c2002 |
||
| 300 |
_a33p. _c30cm. |
||
| 520 | _aGuide providing background information to help get started on training candidates for their Assessment of Professional Competence (APC). It gives guidance on structured training agreement, the competency achievement planner, and professional development. Finally, in chronological order, it looks at trainers' involvement in various stages and reviews that need to be carried out over the course of the training period. Samples of review templates and structured training agreement are included. | ||
| 650 |
_aAPC _96216 |
||
| 650 | _aAPC COUNSELLORS | ||
| 650 | _aEMPLOYERS | ||
| 650 | _aSUPERVISORS | ||
| 650 | _aPROFESSIONAL DEVELOPMENT | ||
| 690 | _aMANAGEMENT-BUSINESS MANAGEMENT-PROFESSIONAL PRACTICE | ||
| 710 |
_aRoyal Institution of Chartered Surveyors _94900 |
||
| 942 | _n0 | ||
| 999 |
_c102276 _d102276 |
||